Reglamento de bienes de las entidades locales : 27 de mayo de 1953 / por Luis Marqués Carbó ; estudio preliminar de Juan Ignacio Bermejo Gironés 27 de mayo de 1953 / por Luis Marqués Carbó ; estudio preliminar de Juan Ignacio Bermejo Gironés
Otros Autores:
Bermejo Gironés, Juan Ignacio
MARC
| LEADER | 00000nam a2200000Ia 4500 | ||
|---|---|---|---|
| 001 | 14186 | ||
| 008 | 160829s9999 xx 000 0 cat d | ||
| 080 | |a M-4-161 | ||
| 100 | |a Marqués Carbó, Luis |9 24231 | ||
| 245 | |a Reglamento de bienes de las entidades locales : |b 27 de mayo de 1953 / por Luis Marqués Carbó ; estudio preliminar de Juan Ignacio Bermejo Gironés | ||
| 260 | |a Tarragona : |b Sugrañes, [1956?] | ||
| 590 | |a Conté: Decreto de 27 de mayo de 1955 por el que se aprueba el Reglamento de Bienes de las Entidades Locales. | ||
| 590 | |a Notes, referències bibliogràfiques | ||
| 650 | |a Patrimoni dels ens locals |x Dret i legislació |x Espanya |9 24234 | ||
| 700 | |a Bermejo Gironés, Juan Ignacio |9 24235 | ||
| 901 | |a Arxiu | ||
| 942 | |n 1 | ||
| 952 | |0 0 |1 0 |4 0 |6 M4161 |7 1 |9 43031 |a Arxiu |b Arxiu |d 2016-12-01 |l 0 |o M-4-161 |p 14186 |r 2016-12-01 00:00:00 |w 2016-12-01 |y ARXIU | ||
| 999 | |c 45574 |d 45574 | ||